| 000 | 01428nam0a22003491 4500 | ||
|---|---|---|---|
| 001 | RU\INFOCOMM_327\NLR\5000013334 | ||
| 005 | 20260405112124.0 | ||
| 035 | _a(NLR Aleph) 009487355 | ||
| 090 |
_a8626177 _c8626177 |
||
| 100 | _a20121213d1981 u y0rusy50 ca | ||
| 101 | 1 |
_aeng _crus |
|
| 102 | _aRU | ||
| 105 | _ay z ||||| | ||
| 200 | 1 |
_aA book of problems in ordinary differential equations _fM. L. Krasnov, A. I. Kiselyov, G. I. Makarenko _gTransl. from the Russ. by Vladimir Shokurov |
|
| 205 | _aRev. from the 1978 Russ. ed. | ||
| 210 |
_aM. _cMir _d1981 |
||
| 215 |
_a332 с. _cграф. _d21 см |
||
| 300 | _aДоп. тит. л. на рус. яз.: Сборник задач по обыкновенным дифференциальным уравнениям / М. Л. Краснов, А. И. Киселев, Г. И. Макаренко | ||
| 320 | _aБиблиогр.: с. 331-332 | ||
| 620 | _aМосква | ||
| 686 |
_aВ161.61я73-4 _2rubbk |
||
| 686 |
_a[Мт-275(Задачи(ВУЗ)] _2rubbk |
||
| 700 | 1 |
_8rus _7ba _aKrasnov _bM. L. _f1925-2002 _gMichail Leont'evič _3RU\NLR\AUTH\7743013 _925956 |
|
| 701 | 1 |
_9z01790 _aKiselev _bA. I. _gAleksandr Ivanovič |
|
| 701 | 1 |
_aMakarenko _bG. I. _gGrigorij Ivanovič |
|
| 790 | 1 |
_9z01701 _aKiselyov _bA. I. _4070 |
|
| 801 | 0 |
_aRU _bINFOCOMM _gPSBO |
|
| 801 | 1 |
_aRU _bNLR _c20121213 |
|
| 852 |
_aNLR _jМт01 Д-3/252 |
||
| 942 | _cBOOK | ||
| 980 | _aNB | ||